Neighborhoods of Staten Island to Map - Statistics

General Stats
  • This quiz has been taken 284 times
  • The average score is 15 of 51
Answers on the Map
Answers color-coded by a green-red scale on the quiz's map according to % correct below.
 
Answer Stats
Answer % Correct
Mariners Harbor
53%
St George
53%
Tottenville
53%
Bloomfield
50%
Freshkills
45%
Eltingville
43%
Travis-Chelsea
43%
Fort Wadsworth
40%
Prince's Bay
40%
Great Kills
38%
New Brighton
38%
CUNY College of Staten Island
35%
Graniteville
35%
Heartland Village
35%
Midland Beach
35%
New Dorp
35%
Oakwood
35%
Todt Hill
35%
Bulls Head
33%
Castleton Corner
33%
Woodrow
33%
Annadale
30%
Charleston
30%
New Dorp Beach
30%
New Springville
30%
Port Richmond
30%
Tompkinsville
30%
Westerleigh
30%
Dongan Hills
28%
Lighthouse Hill
28%
Randall Manor
28%
Arden Heights
25%
Clifton
25%
Pleasant Pains
25%
Richmond
25%
South Beach
25%
Stapleton Heights
25%
West Brighton
25%
Arrochar
23%
Concord
23%
Rossville
23%
Sea View
23%
Manor Heights
20%
Bay Terrace
18%
Rosebank
18%
Silver Lake
18%
Shore Acres
15%
Elm Park
13%
Grymes Hill
13%
Park Hill
10%
Sunnyside
10%
No matching quizzes found
Score Distribution
Percent of People with Each Score
Percentile by Number Answered
Your Score History
You have not taken this quiz